Indian literature in English, 1827-1979 : a guide to information sources /

Bibliographic Details
Main Author: Singh, Amritjit
Other Authors: Verma, Rajiva, Joshi, Irene M.
Format: Book
Language:English
Published: Detroit, Mich. : Gale Research Co., [1981]
Series:Gale information guide library. American literature, English literature, and world literatures in English information guide series ; v. 36.
Gale information guide library.
Subjects:

MARC

Tag First Indicator Second Indicator Subfields
LEADER 00000cam a22000008a 4500
001 in00000075481
005 20151008053627.0
008 811026s1981 miu b 00110 eng
010 |a  81019235  
020 |a 0810312387 
035 |a (OCoLC)07947398 
035 |9 AAH8074AM 
039 0 |a 2  |b 3  |c 3  |d 3  |e 3 
040 |a DLC  |c DLC  |d TXA  |d UtOrBLW 
043 |a a-ii--- 
049 |a TXAM  |c [1672105] 
050 0 0 |a Z3208.L5  |b S56  |a PR9484.3 
082 0 |a 016.82  |2 19 
090 |a PR9484.3  |b .S56 1981 
100 1 |a Singh, Amritjit. 
245 1 0 |a Indian literature in English, 1827-1979 :  |b a guide to information sources /  |c Amritjit Singh, Rajiva Verma, Irene M. Joshi. 
263 |a 8111 
264 1 |a Detroit, Mich. :  |b Gale Research Co.,  |c [1981] 
264 4 |c ©1981 
300 |a xxii, 631 pages ;  |c 23 cm. 
336 |a text  |b txt  |2 rdacontent 
337 |a unmediated  |b n  |2 rdamedia 
338 |a volume  |b nc  |2 rdacarrier 
490 1 |a American literature, English literature, and world literatures in English information guide series ;  |v v. 36 
490 1 |a Gale information guide library 
500 |a Includes indexes. 
650 0 |a Indic literature (English)  |x Bibliography. 
700 1 |a Verma, Rajiva. 
700 1 |a Joshi, Irene M. 
830 0 |a Gale information guide library.  |p American literature, English literature, and world literatures in English information guide series ;  |v v. 36. 
830 0 |a Gale information guide library. 
999 |a MARS 
999 f f |s 60f46242-4995-3b81-b305-2cbab0cbf122  |i 798cff03-96c0-3c8c-9efb-c2c4f1c970aa  |t 0 
952 f f |p normal  |a Texas A&M University  |b College Station  |c Sterling C. Evans Library  |d Evans: Library Stacks  |t 0  |e PR9484.3 .S56 1981  |h Library of Congress classification  |i unmediated -- volume  |m A14806264405 
952 f f |p ric  |a Texas A&M University  |b Rellis Campus  |c Joint Library Facility  |d Remote Storage  |t 0  |e PR9484.3 .S56 1981  |h Library of Congress classification  |i unmediated -- volume  |m A14824105764 
998 f f |a PR9484.3 .S56 1981  |t 0  |l Evans: Library Stacks 
998 f f |a PR9484.3 .S56 1981  |t 0  |l Remote Storage